| 000 | 01176cam a2200193 4500500 | ||
|---|---|---|---|
| 005 | 20251228052228.0 | ||
| 041 | _afre | ||
| 042 | _adc | ||
| 100 | 1 | 0 |
_aLasida, Elena _eauthor |
| 245 | 0 | 0 | _aJustice distributive et justice contributive |
| 260 | _c2009. | ||
| 500 | _a45 | ||
| 520 | _aRésuméLa question de la pauvreté est abordée dans cet article à travers celle de la justice. Deux types de justice sont identifiés : la justice distributive et la justice contributive. Chacune renvoie à une conception différente de la pauvreté : dans la première c’est le manque à combler qui est mis en avant ; dans la deuxième c’est la potentialité à développer. Cette problématique fut travaillée à travers la méthode du « théâtre forum ». Dès lors, les conclusions, en termes de contenu, sont marquées par les déplacements vécus au niveau de la méthode. | ||
| 690 | _ajustice contributive | ||
| 690 | _ajustice distributive | ||
| 690 | _athéâtre forum | ||
| 786 | 0 | _nTransversalités | 111 | 3 | 2009-10-01 | p. 77-89 | 1286-9449 | |
| 856 | 4 | 1 | _uhttps://shs.cairn.info/revue-transversalites-2009-3-page-77?lang=fr&redirect-ssocas=7080 |
| 999 |
_c1583089 _d1583089 |
||